000
00309nam a22001337a 4500
008
170209b xxu||||| |||| 00| 0 eng d
020
_a
9780323030212
041
_a
eng
080
_2
7ED
_a
61
100
_a
4
101
_a
SHM
245
_a
DIAGNOSTIC LABORATORY TEST REFERENCE
_c
PAGANA DESKA
942
_2
udc
_c
BK
999
_c
5007
_d
5007